[Event "Superettan(SS 4 Springare-Burgsvik)"]
[Site "?"]
[Date "2023.10.15"]
[Round "3"]
[White "Galperin, Platon"]
[Black "Andersson, Tommy"]
[Result "1-0"]
[WhiteElo "2571"]
[BlackElo "2364"]
[PlyCount "89"]
[SourceVersionDate "2023.11.04"]

1. e4 c5 2. Nf3 d6 3. Nc3 Nf6 4. d4 cxd4 5. Qxd4 Nc6 6. Qe3 g6 7. h3 Bg7 8. Bc4
O-O 9. O-O a6 10. a4 Bd7 11. Rd1 Rc8 12. Qe2 Qc7 13. Ba2 Na5 14. e5 dxe5 15.
Nxe5 Bf5 16. Bf4 Qb6 17. Rab1 Be6 18. Be3 Qc7 19. Bxe6 fxe6 20. Bf4 Nh5 21. Bh2
Nf4 22. Bxf4 Rxf4 23. Nd3 Rf6 24. Ne4 Rf5 25. b4 Nc6 26. Ng3 Rf6 27. Nc5 Nd8
28. Rd7 Qc6 29. Rbd1 Nf7 30. Nge4 Rf5 31. b5 axb5 32. axb5 Qb6 33. Rxb7 Qa5 34.
Nxe6 Re5 35. Rxe7 Qb4 36. Rdd7 Rxe4 37. Qf3 Re1+ 38. Kh2 Be5+ 39. g3 Nh6 40.
Rg7+ Bxg7 41. Rxg7+ Kh8 42. Rxh7+ Kg8 43. Rh8+ Kxh8 44. Qf6+ Kh7 45. Qg7# 1-0

[Event "Superettan(Schack 08-Rockaden,Sthlm II)"]
[Site "?"]
[Date "2023.10.15"]
[Round "3"]
[White "Berovski, Krum"]
[Black "Nyander, Joakim"]
[Result "1-0"]
[WhiteElo "2308"]
[BlackElo "2183"]
[PlyCount "73"]
[SourceVersionDate "2023.11.04"]

1. d4 d5 2. c4 dxc4 3. Nf3 a6 4. e3 b5 5. a4 Bb7 6. b3 e6 7. axb5 axb5 8. Rxa8
Bxa8 9. bxc4 bxc4 10. Bxc4 Nf6 11. O-O Nbd7 12. Nc3 Be7 13. d5 exd5 14. Nxd5
Nxd5 15. Bxd5 Bxd5 16. Qxd5 Nf6 17. Qc4 O-O 18. Bb2 Bd6 19. e4 Nd7 20. e5 Be7
21. e6 Nb6 22. exf7+ Rxf7 23. Qc2 Bf6 24. Rd1 Rd7 25. Rxd7 Qxd7 26. Bxf6 gxf6
27. h3 Nd5 28. Qe4 Nc3 29. Qc4+ Nd5 30. Nd4 Kg7 31. g4 Kh8 32. Nf5 h5 33. Qc5
hxg4 34. Qf8+ Kh7 35. hxg4 c6 36. Kg2 Kg6 37. Qg8+ 1-0

[Event "Superettan(Kristallen-Helsingborg)"]
[Site "?"]
[Date "2023.10.15"]
[Round "3"]
[White "Kristensen, Kare Hove"]
[Black "Walinder, Lars"]
[Result "1/2-1/2"]
[WhiteElo "2258"]
[BlackElo "2258"]
[PlyCount "51"]
[SourceVersionDate "2023.11.04"]

1. d4 d5 2. c4 e6 3. Nc3 Nf6 4. Bg5 Be7 5. e3 h6 6. Bxf6 Bxf6 7. Nf3 O-O 8. Qd2
c6 9. O-O-O Nd7 10. cxd5 exd5 11. g4 Re8 12. h4 Nf8 13. g5 hxg5 14. hxg5 Bxg5
15. Nxg5 Qxg5 16. Bd3 Bf5 17. f4 Qf6 18. Qh2 Ng6 19. Bxf5 Qxf5 20. Rdg1 Rxe3
21. Rxg6 fxg6 22. Qh8+ Kf7 23. Qxa8 Qxf4 24. Kb1 Rxc3 25. Qxb7+ Kg8 26. bxc3
1/2-1/2

[Event "Superettan(SS 4 Springare-Burgsvik)"]
[Site "?"]
[Date "2023.10.15"]
[Round "3"]
[White "Larsson, Victor"]
[Black "Miezis, Normunds"]
[Result "0-1"]
[WhiteElo "2169"]
[BlackElo "2428"]
[PlyCount "110"]
[SourceVersionDate "2023.11.04"]

1. d4 Nf6 2. c4 e6 3. Nf3 Bb4+ 4. Bd2 a5 5. a3 Bxd2+ 6. Qxd2 d5 7. Nc3 O-O 8.
e3 b6 9. cxd5 exd5 10. Rc1 Bb7 11. Ne5 c5 12. Bb5 Qd6 13. O-O Na6 14. Bd3 Nc7
15. Rfe1 Ne6 16. Nb5 Qe7 17. Bf5 Rfc8 18. dxc5 bxc5 19. Nd3 a4 20. Nc3 Rd8 21.
Qc2 c4 22. Nb4 Nc5 23. Rcd1 Qe5 24. Rd4 Nb3 25. Rdd1 Ra5 26. Bh3 Re8 27. Qe2 g5
28. g3 d4 29. exd4 Nxd4 30. Qxe5 Nf3+ 31. Kf1 Nxh2+ 32. Kg1 Nf3+ 33. Kf1 Raxe5
34. Rxe5 Rxe5 35. Nc2 Ne4 36. Ne3 Nxg3+ 37. fxg3 Rxe3 38. Rd7 Bc6 39. Kf2 Re8
40. Rc7 Ne5 41. Rxc6 Nxc6 42. Bd7 Rb8 43. Bxc6 Rxb2+ 44. Ke3 Rb3 45. Kd4 Rxa3
46. Bxa4 h5 47. Bd1 h4 48. gxh4 gxh4 49. Bg4 Kg7 50. Kxc4 Kg6 51. Bd7 f5 52.
Nd5 Kg5 53. Kd4 h3 54. Bc6 h2 55. Nc3 Ra1 0-1

[Event "Superettan(Helsingborg-Burgsvik)"]
[Site "?"]
[Date "2023.10.14"]
[Round "2"]
[White "Schandorff, Lars"]
[Black "Semcesen, Daniel"]
[Result "1/2-1/2"]
[WhiteElo "2471"]
[BlackElo "2457"]
[PlyCount "49"]
[SourceVersionDate "2023.11.03"]

1. Nf3 d5 2. g3 Nf6 3. Bg2 c6 4. O-O Bf5 5. d3 e6 6. b3 Be7 7. Bb2 O-O 8. Nbd2
Nbd7 9. Qe1 a5 10. e4 Bg6 11. a4 h6 12. Kh1 Bh7 13. Qe2 Qb8 14. h3 Rd8 15. Nh2
dxe4 16. dxe4 e5 17. Rfd1 Qc7 18. Nhf3 Bc5 19. Ne1 Re8 20. Nd3 Bd4 21. c3 Ba7
22. Kh2 Nc5 23. Nxc5 Bxc5 24. f3 Nd7 25. Nc4 1/2-1/2

[Event "Superettan(Schack 08-SS 4 Springare)"]
[Site "?"]
[Date "2023.10.14"]
[Round "2"]
[White "Laveryd, Peter"]
[Black "Galperin, Platon"]
[Result "0-1"]
[WhiteElo "2354"]
[BlackElo "2571"]
[PlyCount "68"]
[SourceVersionDate "2023.11.04"]

1. e4 c6 2. d3 d5 3. Nd2 g6 4. g3 Bg7 5. Bg2 e5 6. Ngf3 Ne7 7. O-O O-O 8. Re1
Nd7 9. a4 b6 10. b3 d4 11. Ng5 c5 12. f4 Nc6 13. Ndf3 exf4 14. gxf4 Nf6 15. f5
h6 16. e5 hxg5 17. exf6 Qxf6 18. fxg6 Bg4 19. Bxg5 Qxg6 20. Qd2 Rac8 21. Kh1
Qh5 22. Qf4 f6 23. Bh4 Nb4 24. h3 Bd7 25. Qd6 Bc6 26. Qg3 Nxc2 27. Re7 Rf7 28.
Rxf7 Qxf7 29. Rg1 Ne3 30. Qf4 Qh5 31. Kh2 Nxg2 32. Rxg2 Qxf3 33. Qxf3 Bxf3 34.
Rg3 Bd1 0-1

[Event "Superettan(Helsingborg-Burgsvik)"]
[Site "?"]
[Date "2023.10.14"]
[Round "2"]
[White "Sylvan, Jacob"]
[Black "Haitin, Ilja"]
[Result "1/2-1/2"]
[WhiteElo "2296"]
[BlackElo "2284"]
[PlyCount "45"]
[SourceVersionDate "2023.11.03"]

1. Nf3 Nf6 2. c4 b6 3. g3 Bb7 4. Bg2 g6 5. O-O Bg7 6. d4 O-O 7. Nc3 Ne4 8. Qc2
Nxc3 9. bxc3 Nc6 10. Nd2 Na5 11. Bxb7 Nxb7 12. Nb3 c5 13. Bf4 d5 14. cxd5 Qxd5
15. e4 Qc4 16. Nd2 Qa6 17. d5 c4 18. Nf3 Nc5 19. Be5 Nd3 20. Bxg7 Kxg7 21. Qd2
Qa3 22. Ne1 Rac8 23. Nxd3 1/2-1/2

[Event "Superettan(Schack 08-SS 4 Springare)"]
[Site "?"]
[Date "2023.10.14"]
[Round "2"]
[White "Miezis, Normunds"]
[Black "Faldt, Magnus"]
[Result "1-0"]
[WhiteElo "2428"]
[BlackElo "2156"]
[PlyCount "131"]
[SourceVersionDate "2023.11.04"]

1. c4 c6 2. e4 e5 3. Nf3 d6 4. d4 Nd7 5. Nc3 Ngf6 6. g3 Be7 7. Bg2 O-O 8. O-O
Re8 9. h3 a6 10. a4 a5 11. Be3 Qc7 12. Re1 Bf8 13. Qc2 b6 14. b3 Bb7 15. Rad1
Rad8 16. g4 Nb8 17. Bg5 Be7 18. Bh4 Na6 19. Bg3 Nd7 20. Rd2 Bc8 21. Red1 f6 22.
Nh4 Nf8 23. Nf5 Ne6 24. Qb1 Nb4 25. Ne2 Bf8 26. d5 cxd5 27. exd5 Nc5 28. Nc3 g6
29. Ne3 Bh6 30. Re2 Rf8 31. f3 f5 32. Bh4 Rde8 33. Nb5 Qd7 34. g5 Bg7 35. Be1
h6 36. h4 Qd8 37. Nf1 Rf7 38. f4 hxg5 39. hxg5 e4 40. Bf2 Nbd3 41. Be3 Ba6 42.
Nd2 Bxb5 43. cxb5 Bh8 44. Bf1 Rh7 45. Rh2 Rxh2 46. Kxh2 Qc7 47. Kg3 Re7 48. Be2
Rh7 49. Rh1 Rxh1 50. Qxh1 Bg7 51. Qd1 Kf7 52. Nc4 Bc3 53. Bxd3 exd3 54. Kg2 Qe7
55. Bxc5 bxc5 56. Qxd3 Qe1 57. Qe3 Qxe3 58. Nxe3 Ke7 59. Nc4 Kd7 60. b6 Be1 61.
Kf3 Bb4 62. Ke2 Bc3 63. Ke3 Be1 64. b7 Kc7 65. Nxd6 Bb4 66. Kd3 1-0

[Event "Superettan(Helsingborg-Burgsvik)"]
[Site "?"]
[Date "2023.10.14"]
[Round "2"]
[White "Andersson, Tommy"]
[Black "Kristensen, Kare Hove"]
[Result "1/2-1/2"]
[WhiteElo "2364"]
[BlackElo "2258"]
[PlyCount "79"]
[SourceVersionDate "2023.11.03"]

1. Nf3 d5 2. g3 Nf6 3. Bg2 c5 4. O-O e6 5. d4 cxd4 6. Nxd4 e5 7. Nb3 Nc6 8. Bg5
Be6 9. Nc3 d4 10. Ne4 Bxb3 11. cxb3 Be7 12. Bxf6 Bxf6 13. Nc5 Qe7 14. Rc1 Rc8
15. Qd3 O-O 16. Qb5 b6 17. Bh3 d3 18. Bxc8 dxe2 19. Qxe2 bxc5 20. Bf5 Nd4 21.
Qe4 g6 22. Bh3 Rd8 23. b4 cxb4 24. Rc8 Rxc8 25. Bxc8 Qc5 26. Bb7 Kg7 27. Kg2
Be7 28. Qd5 Qc2 29. Qxe5+ Bf6 30. Qe8 Qxb2 31. Bd5 Nf5 32. Qxf7+ Kh6 33. Qe6
Bd4 34. Kg1 a5 35. Be4 Kg5 36. h4+ Kg4 37. Kg2 Qc3 38. Bxf5+ gxf5 39. f3+ Kh5
40. Qxf5+ 1/2-1/2

[Event "Superettan(Schack 08-SS 4 Springare)"]
[Site "?"]
[Date "2023.10.14"]
[Round "2"]
[White "Karlsson, Tomas"]
[Black "Larkin, Vladyslav"]
[Result "1/2-1/2"]
[WhiteElo "2274"]
[BlackElo "2464"]
[PlyCount "165"]
[SourceVersionDate "2023.11.04"]

1. e4 d6 2. d4 Nf6 3. Nc3 c6 4. f4 Qb6 5. e5 Nd5 6. Nxd5 cxd5 7. Nf3 Nc6 8. c3
Bf5 9. Bd3 g6 10. O-O e6 11. Kh1 Bxd3 12. Qxd3 O-O-O 13. Qe2 Kb8 14. Be3 Qc7
15. Bf2 h5 16. Bh4 Be7 17. Rac1 Bxh4 18. Nxh4 Rc8 19. Nf3 dxe5 20. fxe5 Ne7 21.
Qf2 Nf5 22. Nh4 Qa5 23. Nxf5 gxf5 24. a3 h4 25. Qe2 Qb6 26. Rf4 Rcg8 27. Rcf1
Rh7 28. R1f2 a5 29. Kg1 a4 30. Qe1 Ka7 31. Rd2 h3 32. g3 Qb5 33. Qd1 Ka6 34.
Rdf2 Qc4 35. Qc2 Ka5 36. Qd2 Kb5 37. Qc2 b6 38. Qd1 Rg5 39. Qd2 Rg6 40. Qe3 Ka6
41. Qd2 Kb7 42. Qd1 Rg8 43. Qd2 Qa2 44. Qd1 Qb3 45. Qe2 Kc6 46. Qd2 Qc4 47. Qd1
Kb5 48. Qd2 Rgg7 49. Qd1 Rh8 50. Qd2 Ka5 51. Qd1 Ka6 52. Qd2 Rg6 53. Qd1 Qb3
54. Qe2+ Qb5 55. Qd2 Ka7 56. Qd1 Qc4 57. Qd2 Kb7 58. Qd1 Rh7 59. Qd2 Rg8 60.
Qd1 Rc8 61. Qd2 Qa2 62. Qd1 Qb3 63. Qd2 Qc4 64. Qd1 Rg8 65. Qd2 Ka6 66. Qd1 Kb5
67. Qd2 Rg6 68. Qd1 Qb3 69. Qe2+ Qc4 70. Qd1 Rg8 71. Qd2 Rhh8 72. Qd1 Rg6 73.
Qd2 Qb3 74. Qe2+ Qc4 75. Qd2 Rh7 76. Qd1 Ka5 77. Qd2 Ka6 78. Qd1 Kb5 79. Qd2
Qb3 80. Qe2+ Qc4 81. Qd2 Qb3 82. Qe2+ Qc4 83. Qd2 1/2-1/2

[Event "Superettan(Helsingborg-Burgsvik)"]
[Site "?"]
[Date "2023.10.14"]
[Round "2"]
[White "Nilsson, Anders"]
[Black "Larsson, Victor"]
[Result "0-1"]
[WhiteElo "2210"]
[BlackElo "2169"]
[PlyCount "84"]
[SourceVersionDate "2023.11.03"]

1. d4 d5 2. c4 e6 3. Nc3 Be7 4. cxd5 exd5 5. Nf3 c6 6. Bf4 Bf5 7. e3 h6 8. Bd3
Bxd3 9. Qxd3 Nf6 10. O-O Nbd7 11. Rab1 Nf8 12. b4 Ne6 13. Bg3 O-O 14. Rfc1 a6
15. a4 Bd6 16. b5 axb5 17. axb5 c5 18. dxc5 Nxc5 19. Qf5 g6 20. Qc2 Nce4 21.
Nxd5 Nxg3 22. Nxf6+ Qxf6 23. hxg3 Ra3 24. Rb3 Ra4 25. Nd2 Re8 26. Rc3 Rb4 27.
Rb3 Ra4 28. Rc3 Rb4 29. Rb1 Qe5 30. Rcb3 Rxb3 31. Qxb3 Bc5 32. Nf3 Qe4 33. Rd1
b6 34. Rd7 Qf5 35. Rd5 Qf6 36. Rd1 Re4 37. Qd5 Rb4 38. Qc6 Kg7 39. Kh2 Rb2 40.
Kg1 g5 41. Nd2 Qd8 42. Qe4 Rxd2 0-1

[Event "Superettan(Schack 08-SS 4 Springare)"]
[Site "?"]
[Date "2023.10.14"]
[Round "2"]
[White "Mattsson, Michael"]
[Black "Ask, Josef"]
[Result "0-1"]
[WhiteElo "2066"]
[BlackElo "2162"]
[PlyCount "56"]
[SourceVersionDate "2023.11.04"]

1. e4 d5 2. exd5 Nf6 3. Bb5+ Bd7 4. Bc4 Bg4 5. f3 Bc8 6. Nc3 Nbd7 7. Qe2 Nb6 8.
Qd3 Nxc4 9. Qxc4 a6 10. a4 b6 11. Qc6+ Bd7 12. Qc4 e5 13. dxe6 Bxe6 14. Qc6+
Bd7 15. Qc4 Bd6 16. Nge2 O-O 17. d3 Nh5 18. Be3 Re8 19. Kd2 Qe7 20. Qe4 Qf6 21.
Qd4 Bc5 22. Qxd7 Bxe3+ 23. Kd1 Rad8 24. Qxc7 Nf4 25. Nxf4 Bxf4 26. Qc4 Rd4 27.
Qb3 Qg6 28. Nb1 Qxg2 0-1

[Event "Superettan(Helsingborg-Burgsvik)"]
[Site "?"]
[Date "2023.10.14"]
[Round "2"]
[White "Persson, Mats"]
[Black "Johansson, Thomas"]
[Result "1-0"]
[WhiteElo "2311"]
[BlackElo "2196"]
[PlyCount "75"]
[SourceVersionDate "2023.11.03"]

1. e4 c5 2. Nf3 Nc6 3. Bb5 Nf6 4. Bxc6 dxc6 5. d3 Bg4 6. h3 Bh5 7. Nbd2 Nd7 8.
g4 Bg6 9. e5 e6 10. Qe2 Qa5 11. O-O Qc7 12. a4 Be7 13. b3 Rd8 14. Bb2 Nb6 15.
Nh2 h5 16. f4 hxg4 17. hxg4 Nd5 18. Ne4 Kd7 19. Ba3 Kc8 20. c4 Nxf4 21. Rxf4
Qxe5 22. Raf1 Qd4+ 23. Kg2 Qxd3 24. Qxd3 Rxd3 25. Nxc5 Rdh3 26. Nf3 b6 27. Nxe6
Bxa3 28. Neg5 R3h6 29. Nxf7 Bxf7 30. Rxf7 Rg6 31. g5 Kb8 32. Rd1 Bd6 33. b4 Rd8
34. Kh3 a5 35. bxa5 bxa5 36. Kg4 Re6 37. Nd4 Bb4 38. Nxc6+ 1-0

[Event "Superettan(Schack 08-SS 4 Springare)"]
[Site "?"]
[Date "2023.10.14"]
[Round "2"]
[White "Wikstrom, Per"]
[Black "Jakenberg, Jussi"]
[Result "1-0"]
[WhiteElo "2150"]
[BlackElo "2042"]
[PlyCount "57"]
[SourceVersionDate "2023.11.04"]

1. d4 d5 2. Nf3 e6 3. Bf4 Bd6 4. Bg3 Nf6 5. e3 O-O 6. Nbd2 b6 7. c3 Bb7 8. Bd3
Nbd7 9. Ne5 Ne4 10. Qc2 f5 11. Ndf3 Nxg3 12. hxg3 Nxe5 13. dxe5 Be7 14. g4 g6
15. gxf5 exf5 16. O-O-O Qe8 17. Nd4 Qf7 18. Rdg1 Bc8 19. e6 Bxe6 20. Nxe6 Qxe6
21. g4 f4 22. e4 dxe4 23. Bxe4 Rae8 24. f3 Bc5 25. Rg2 Qxa2 26. Bxg6 Be3+ 27.
Kd1 Qa1+ 28. Qb1 Rd8+ 29. Ke1 1-0

[Event "Superettan(Helsingborg-Burgsvik)"]
[Site "?"]
[Date "2023.10.14"]
[Round "2"]
[White "Nilsson Hask, Patrik"]
[Black "Hakansson, Rustan"]
[Result "1/2-1/2"]
[WhiteElo "2157"]
[BlackElo "1911"]
[PlyCount "101"]
[SourceVersionDate "2023.11.03"]

1. d4 d5 2. Bf4 Nf6 3. e3 a6 4. Nf3 Bg4 5. c3 Nbd7 6. Nbd2 b5 7. a4 c6 8. h3
Bh5 9. Bd3 e6 10. O-O b4 11. a5 Bg6 12. Bxg6 hxg6 13. Qa4 bxc3 14. bxc3 Rc8 15.
Rfb1 Be7 16. Rb7 O-O 17. Ra7 Ra8 18. Rc7 c5 19. Rb1 Rc8 20. Ra7 Ra8 21. Rbb7
Rxa7 22. Rxa7 cxd4 23. cxd4 Qc8 24. Rc7 Qd8 25. Qc6 Nb8 26. Qb7 Nfd7 27. Nb3
Qe8 28. Nc5 Bxc5 29. dxc5 e5 30. Bg3 Qe6 31. c6 Nc5 32. Qb1 Ne4 33. Bxe5 Nxc6
34. Qa1 f6 35. Bb2 Qd6 36. Rb7 Rb8 37. Rb6 Qc7 38. Bd4 Rxb6 39. Bxb6 Qd7 40.
Qd1 g5 41. Ne1 Ne5 42. f3 Nc3 43. Qb3 Qc6 44. Nc2 Ne2+ 45. Kf2 Nc1 46. Qb1 Qc3
47. Kg1 Ncd3 48. Qa2 Nc4 49. e4 Qd2 50. Qa4 Nxb6 51. Qe8+ 1/2-1/2

[Event "Superettan(Schack 08-SS 4 Springare)"]
[Site "?"]
[Date "2023.10.14"]
[Round "2"]
[White "Poley, Vladimir"]
[Black "Bjorkeroth, Johan"]
[Result "1-0"]
[WhiteElo "2284"]
[BlackElo "2145"]
[PlyCount "101"]
[SourceVersionDate "2023.11.04"]

1. g3 d5 2. Bg2 Nf6 3. Nf3 e6 4. O-O c5 5. d4 cxd4 6. Nxd4 e5 7. Nf3 Nc6 8. Bg5
Be6 9. c3 Be7 10. Nbd2 O-O 11. Qc2 Rc8 12. Rad1 Qb6 13. Qb1 Rfd8 14. Bxf6 Bxf6
15. e4 d4 16. c4 Nb4 17. Rc1 Qa5 18. a3 Na6 19. Qa1 g6 20. Rfd1 Bg7 21. Bf1 Bh6
22. b4 Qc7 23. Rc2 Bg4 24. Rb1 Nb8 25. h3 Be6 26. c5 f5 27. Re1 Bxd2 28. Nxd2
Nd7 29. Bd3 Nf6 30. Kh2 Rf8 31. exf5 Bxf5 32. Qa2+ Kh8 33. Ne4 Bxe4 34. Bxe4
Rce8 35. Qb3 Nxe4 36. Rxe4 Rf5 37. f3 Qc6 38. b5 Qf6 39. Kg2 Rf8 40. Rf2 Rd8
41. Qd3 Qe7 42. Rc2 Rdf8 43. Qxd4 exd4 44. Rxe7 d3 45. Rd2 Rxc5 46. Rxd3 Rxb5
47. g4 h5 48. Rdd7 Rb2+ 49. Kg3 h4+ 50. Kxh4 Rxf3 51. Re8+ 1-0

[Event "Superettan(Helsingborg-Burgsvik)"]
[Site "?"]
[Date "2023.10.14"]
[Round "2"]
[White "Andersson, Bjorn"]
[Black "Rosell, Tomas"]
[Result "0-1"]
[WhiteElo "2165"]
[BlackElo "2155"]
[PlyCount "127"]
[SourceVersionDate "2023.11.03"]

1. e4 c5 2. Nf3 d6 3. d4 cxd4 4. Nxd4 Nf6 5. Nc3 g6 6. Be3 Bg7 7. Qd2 Nc6 8. f3
O-O 9. Bc4 Bd7 10. O-O-O Rc8 11. Bb3 Nxd4 12. Bxd4 b5 13. Rhe1 b4 14. Bxf6 Bxf6
15. Nd5 Bg7 16. e5 dxe5 17. Qxb4 Re8 18. Qb7 Bc6 19. Qxa7 e6 20. Ne3 Qf6 21.
Ng4 Qh4 22. Qf2 Qh5 23. h3 Qf5 24. Kb1 e4 25. f4 h5 26. Ne3 Qc5 27. g4 Bb5 28.
gxh5 Qxh5 29. Qg2 Qh8 30. f5 gxf5 31. Rg1 Kf8 32. Qd2 Bc6 33. Nc4 Bf6 34. Qa5
Be7 35. Ne5 Qf6 36. Qc3 f4 37. Qa5 f3 38. Ng4 Qg5 39. Qc3 Qh4 40. Ne5 Qf6 41.
Qe3 f2 42. Rg6 fxg6 43. Qh6+ Kg8 44. Ng4 Qf5 45. Ne3 Qf7 46. Rf1 Bf8 47. Qh4
Bg7 48. Rxf2 Qa7 49. Ng4 Bd5 50. Bxd5 exd5 51. Qg5 Qd4 52. Nf6+ Kf7 53. Ng4+
Qxf2 54. Nxf2 e3 55. Qxd5+ Kf8 56. Qf3+ Kg8 57. Nd3 e2 58. Qg3 Rcd8 59. Qe1 Re3
60. a4 Rf8 61. Qb4 Rxd3 62. Qc4+ Rf7 63. cxd3 e1=Q+ 64. Ka2 0-1

[Event "Superettan(Schack 08-SS 4 Springare)"]
[Site "?"]
[Date "2023.10.14"]
[Round "2"]
[White "Ottenklev, Niclas"]
[Black "Gajic, Mladen"]
[Result "0-1"]
[WhiteElo "2143"]
[BlackElo "2280"]
[PlyCount "98"]
[SourceVersionDate "2023.11.04"]

1. e4 Nf6 2. e5 Nd5 3. d4 d6 4. Nf3 Nc6 5. exd6 exd6 6. c4 Nb6 7. h3 Be7 8. a3
O-O 9. Bd3 Bf6 10. O-O Nxd4 11. Nxd4 Bxd4 12. Bxh7+ Kxh7 13. Qxd4 Be6 14. b3
Qf6 15. Qxf6 gxf6 16. Bb2 Rg8 17. Kh2 a5 18. a4 d5 19. c5 Nd7 20. Bd4 b6 21.
Rc1 bxc5 22. Bxc5 Rg6 23. Nd2 Rag8 24. g3 f5 25. Be3 c5 26. Bxc5 f4 27. Nf1 Rh6
28. h4 Ne5 29. Rc3 Ng6 30. Re1 Nxh4 31. Rxe6 Ng6+ 32. Kg2 fxe6 33. Bb6 Nh4+ 34.
Kg1 Kg6 35. gxh4 Kf5+ 36. Kh2 Rxh4+ 37. Rh3 Rxh3+ 38. Kxh3 Rb8 39. Bxa5 Rxb3+
40. Kg2 Ra3 41. Bc7 Rxa4 42. Nd2 e5 43. Bb6 e4 44. Nb3 Rb4 45. Nd4+ Kg4 46. Bc5
Rb2 47. Nc6 e3 48. Ne5+ Kf5 49. Nf3 Rxf2+ 0-1

[Event "Superettan(Schack 08-SS 4 Springare)"]
[Site "?"]
[Date "2023.10.14"]
[Round "2"]
[White "Sivuk, Vitaly"]
[Black "Nyander, Joakim"]
[Result "1-0"]
[WhiteElo "2461"]
[BlackElo "2183"]
[PlyCount "55"]
[EventDate "2023.??.??"]
[SourceVersionDate "2023.11.04"]

1. e4 c5 2. Nf3 e6 3. d4 cxd4 4. Nxd4 a6 5. c4 Nf6 6. Nc3 d6 7. Be2 Be7 8. O-O
b6 9. f4 Qc7 10. Qd3 Bb7 11. Be3 Nbd7 12. b4 O-O 13. Rac1 Rfe8 14. g4 e5 15.
Nd5 Nxd5 16. cxd5 Qb8 17. Nc6 Bxc6 18. dxc6 Nf8 19. f5 h6 20. c7 Qb7 21. Qd5
Qxd5 22. exd5 Rec8 23. Bxb6 Nd7 24. Ba5 Nf6 25. Rc6 Nxd5 26. Bxa6 Ne3 27. Bxc8
Rxc8 28. Rb6 1-0

[Event "Superettan(Helsingborg-Burgsvik)"]
[Site "?"]
[Date "2023.10.14"]
[Round "2"]
[White "Rothman, Peter"]
[Black "Tuvesson, Mats"]
[Result "0-1"]
[WhiteElo "2113"]
[BlackElo "2009"]
[PlyCount "92"]
[SourceVersionDate "2023.11.03"]

1. d4 Nf6 2. c4 c5 3. d5 b5 4. Qc2 bxc4 5. e4 d6 6. Bxc4 g6 7. Nf3 Bg7 8. O-O
O-O 9. h3 Ba6 10. Na3 Qb6 11. Bxa6 Qxa6 12. Nc4 Nbd7 13. Bf4 Nb6 14. Nxb6 axb6
15. a4 b5 16. a5 Rfc8 17. Rfd1 Nd7 18. Bg5 Ne5 19. Nxe5 Bxe5 20. Bd2 b4 21. Ra4
Rcb8 22. b3 Qb5 23. Qa2 Ra6 24. Be3 Rba8 25. Qc2 Rxa5 26. Rxa5 Rxa5 27. Rb1 Qa6
28. g3 Ra2 29. Qd1 h5 30. Kg2 c4 31. bxc4 Qxc4 32. Kf3 Ra3 33. Qe2 Qxe2+ 34.
Kxe2 b3 35. f4 Bc3 36. Bc1 b2 37. Bxb2 Ra2 38. Rc1 Rxb2+ 39. Kd3 Bf6 40. Rc7
Rb3+ 41. Ke2 Rxg3 42. e5 Bh4 43. exd6 exd6 44. Rd7 Rxh3 45. Rxd6 Ra3 46. Rc6
Kg7 0-1

[Event "Superettan(Farsta-Rockaden,Sthlm II)"]
[Site "?"]
[Date "2023.10.14"]
[Round "2"]
[White "Crevatin, Leo"]
[Black "Hjelm, Niclas"]
[Result "*"]
[WhiteElo "2292"]
[BlackElo "2291"]
[PlyCount "93"]
[SourceVersionDate "2023.11.04"]

1. d4 d5 2. c4 dxc4 3. Nf3 Nf6 4. e3 e6 5. Bxc4 c5 6. Nc3 cxd4 7. exd4 Nc6 8.
O-O Be7 9. Re1 O-O 10. Bg5 h6 11. Bh4 Nh5 12. Bxe7 Nxe7 13. Ne5 Nf6 14. Qd2 Bd7
15. Rad1 Rc8 16. Bb3 Bc6 17. Nxc6 Rxc6 18. Re5 Qd6 19. h3 Rd8 20. Qe1 Ng6 21.
Rb5 Nf4 22. d5 Rxc3 23. bxc3 exd5 24. Qf1 Qc6 25. Rb4 Ne6 26. Qe1 Rc8 27. Qe5
a5 28. Rh4 Qxc3 29. Qxc3 Rxc3 30. Bxd5 Nxd5 31. Rxd5 Rc1+ 32. Kh2 Rc2 33. Rxa5
Rxf2 34. Rb4 g5 35. Kg1 Rc2 36. Rxb7 Nf4 37. Raa7 Rxg2+ 38. Kf1 Rc2 39. Rxf7
Rxa2 40. Rg7+ Kh8 41. Rh7+ Kg8 42. Rag7+ Kf8 43. Rb7 Ra1+ 44. Kf2 Nxh3+ 45. Kg3
Ra3+ 46. Kh2 Kg8 47. Rhc7 *

[Event "Superettan(Lulea-Kristallen)"]
[Site "?"]
[Date "2023.10.14"]
[Round "2"]
[White "Lindh, Fredrik"]
[Black "Ernst, Thomas"]
[Result "1-0"]
[WhiteElo "2264"]
[BlackElo "2314"]
[PlyCount "69"]
[EventDate "2023.??.??"]
[SourceVersionDate "2023.11.03"]

1. e4 c5 2. Nf3 d6 3. d4 cxd4 4. Nxd4 Nf6 5. Nc3 g6 6. Be3 Bg7 7. f3 Nc6 8. Qd2
O-O 9. g4 Nxd4 10. Bxd4 Be6 11. Nd5 Bxd5 12. exd5 Rc8 13. h4 Qc7 14. Rh2 e5 15.
dxe6 fxe6 16. O-O-O d5 17. Re2 Rfe8 18. Bh3 Qf7 19. h5 gxh5 20. g5 Nd7 21. Bxg7
Kxg7 22. f4 Kg8 23. f5 exf5 24. Rf2 Re5 25. Rdf1 Rf8 26. Bxf5 Rxf5 27. Rxf5
Qxf5 28. Rxf5 Rxf5 29. Qe2 Nf8 30. Qxh5 Re5 31. Qg4 Ne6 32. g6 hxg6 33. Qxg6+
Ng7 34. Qd6 Re1+ 35. Kd2 1-0

[Event "Superettan(Farsta-Rockaden,Sthlm II)"]
[Site "?"]
[Date "2023.10.14"]
[Round "2"]
[White "Lindeman, Sven"]
[Black "Berovski, Krum"]
[Result "0-1"]
[WhiteElo "2147"]
[BlackElo "2308"]
[PlyCount "114"]
[SourceVersionDate "2023.11.04"]

1. e4 e6 2. d4 d5 3. Nc3 Bb4 4. e5 c5 5. a3 Bxc3+ 6. bxc3 Bd7 7. Qg4 g6 8. dxc5
Nc6 9. Nf3 Qa5 10. Bd2 Qxc5 11. Bd3 O-O-O 12. O-O f6 13. Rfe1 f5 14. Qf4 h6 15.
h4 Nge7 16. Qe3 Qxe3 17. Bxe3 b6 18. Ba6+ Kb8 19. c4 Bc8 20. Bb5 d4 21. Bd2 Bb7
22. Rab1 Kc7 23. Rb3 Nb8 24. Bb4 Nc8 25. Rd3 Bxf3 26. Rxf3 g5 27. Bd2 gxh4 28.
Rh3 Nd7 29. Bxd7 Rxd7 30. Rxh4 h5 31. Bg5 d3 32. c3 Rg8 33. Bd2 Rg4 34. Rxh5
Rxc4 35. Rh6 Rc6 36. Re3 b5 37. Rhh3 Nb6 38. Rxd3 Rxd3 39. Rxd3 Nc4 40. Bc1 Kb6
41. f4 Ka5 42. Kf2 Ka4 43. Rd7 a6 44. g4 fxg4 45. Kg3 Kb3 46. Bd2 Kxa3 47. Kxg4
Kb3 48. Kg5 a5 49. Kf6 a4 50. Bc1 Kxc3 51. Re7 b4 52. Rxe6 Rxe6+ 53. Kxe6 a3
54. f5 a2 55. f6 a1=Q 56. f7 Qa8 57. Bh6 Qa6+ 0-1

[Event "Superettan(Upsala-Skara)"]
[Site "?"]
[Date "2023.10.14"]
[Round "2"]
[White "Djurhuus, Rune"]
[Black "Johansson, Jan"]
[Result "1/2-1/2"]
[WhiteElo "2390"]
[BlackElo "2278"]
[PlyCount "64"]
[SourceVersionDate "2023.11.03"]

1. e4 e5 2. Nf3 d6 3. d4 exd4 4. Nxd4 Nf6 5. Nc3 Be7 6. Be2 O-O 7. O-O a6 8. a4
c5 9. Nb3 Nc6 10. Be3 Be6 11. f4 Nb4 12. Bf3 Qb6 13. g4 Nxc2 14. Qxc2 Bxb3 15.
Qd2 Rad8 16. g5 Nd7 17. Rf2 Rfe8 18. h4 Qb4 19. a5 Bf8 20. h5 b6 21. h6 g6 22.
Nd5 Bxd5 23. Qxd5 bxa5 24. Qa2 Rb8 25. Qxa5 Qb3 26. Ra3 Qc4 27. Qxa6 Nb6 28.
Bd2 Qd4 29. Bc3 Qe3 30. Bd2 Qd4 31. Bc3 Qe3 32. Bd2 Qd4 1/2-1/2

[Event "Superettan(Lulea-Kristallen)"]
[Site "?"]
[Date "2023.10.14"]
[Round "2"]
[White "Wulkan, Martin"]
[Black "van Hengel, Hugo"]
[Result "1/2-1/2"]
[WhiteElo "2244"]
[BlackElo "2222"]
[PlyCount "35"]
[SourceVersionDate "2023.11.03"]

1. d4 Nf6 2. Nf3 g6 3. c4 Bg7 4. Nc3 d5 5. Bg5 Ne4 6. Bf4 Nxc3 7. bxc3 c5 8.
cxd5 Qxd5 9. e3 cxd4 10. cxd4 Nc6 11. Be2 O-O 12. O-O b6 13. Qa4 Bb7 14. Qb3
Qa5 15. Rfc1 e5 16. dxe5 Nxe5 17. Nxe5 Bxe5 18. Bxe5 1/2-1/2

[Event "Superettan(Farsta-Rockaden,Sthlm II)"]
[Site "?"]
[Date "2023.10.14"]
[Round "2"]
[White "Eriksson, Dan"]
[Black "Livner, Anders"]
[Result "1-0"]
[WhiteElo "2252"]
[BlackElo "2304"]
[PlyCount "37"]
[SourceVersionDate "2023.11.04"]

1. e4 c6 2. d4 d5 3. Bd3 dxe4 4. Bxe4 Nf6 5. Bf3 Nbd7 6. Nc3 e5 7. dxe5 Nxe5 8.
Qxd8+ Kxd8 9. Bf4 Bd6 10. O-O-O Kc7 11. Nge2 Re8 12. Rd4 Bc5 13. Rd2 Bd7 14.
Ng3 Bd6 15. Kb1 Rad8 16. Rhd1 Bg4 17. Bxg4 Nfxg4 18. h3 Nf6 19. Nf5 1-0